| 000 | 00513nam a2200181 a 4500 | ||
|---|---|---|---|
| 005 | 20210223120836.0 | ||
| 008 | 991125s1978 ea 000 0 spa u | ||
| 035 | _aUPN01000008200 | ||
| 049 | _aCG | ||
| 050 | 4 |
_aQD98 K5 _bC3.2 |
|
| 100 | 1 | _aCaneda, Rodolfo V. | |
| 245 | 1 | 0 |
_aCinética química / _cpor Rodolfo V. Caneda. |
| 260 |
_aWashington : _bOEA, _c1978. |
||
| 300 | _a114 p. | ||
| 440 | 0 |
_aMonografías científicas. _pQuímica ; _v18 |
|
| 650 | 4 |
_aREACCIONES QUIMICAS - _xVELOCIDAD _916282 |
|
| 905 | _aLibro | ||
| 999 |
_c8200 _d8200 |
||